000 00487cam a2200193 4500
001 D1256
008 090401t1977 xxu||||| |||| 00| 0 eng d
035 _a(Sirsi) u63284
041 _aeng
050 _a692.3
100 _aBarnes, N.M.L.
245 _aFinancial control of construction
260 _aLondon
_bStandard Method of Measurement Developme
_c1977
300 _a10 leaves, 11cm x 30cm
350 _a0
520 _aFiled at SMMDU/20
942 _n0
948 _c04/03/1997
999 _c94521
_d94521